000 00724cam a2200241 a 4500
001 000009211
005 20200929161523.0
008 910227s1989 sp 000 f spa
020 _a8472233529
040 _aDO-SdBNP
_bspa
_cDLC
_dBNPHU
082 _a863.64
_bH632p, 1989
100 1 _aHidalgo, Manuel,
_d1953-
_923897
245 1 3 _aEl pecador impecable /
_cManuel Hidalgo.
250 _a4a. ed.
260 _aBarcelona :
_bTusquets,
_c1989.
300 _a183 p. ;
_c20 cm.
490 1 _aLa Sonrisa vertical
_v49
_aErótica
650 4 _aNovela española
_91123
650 4 _aLiteratura española
_9632
830 0 _aLa Sonrisa vertical ;
_v49
_pErótica
_923898
910 _aCatalogación por copia / LC
049 _aBNGR
999 _c8974
_d8974